Mzdová a odvodová politika na Slovensku po roku 2013 bakalárska práca

Na minha lista:
Detalhes bibliográficos
Autor principal: Mináriková, Jana
Autor Corporativo: Obchodná fakulta EU. Katedra služieb a cestovného ruchu - zrušené
Outros Autores: Strážovská, Helena
Formato: Livro
Idioma:eslovaco
Publicado em: Bratislava 2016
Tags: Adicionar Tag
Sem tags, seja o primeiro a adicionar uma tag!

MARC

LEADER 00000nbm a2200000 4500
001 0218883
005 20170126132615.5
041 0 |a slo 
044 |a SK 
245 1 0 |a Mzdová a odvodová politika na Slovensku po roku 2013  |b bakalárska práca  |c Jana Mináriková ; školiteľ: Helena Strážovská 
264 1 |a Bratislava  |c 2016 
300 |a 47 s. 
100 1 |a Mináriková, Jana 
700 1 |a Strážovská, Helena 
710 2 |a Obchodná fakulta EU. Katedra služieb a cestovného ruchu - zrušené